Giáo trình bóng đá
TM tài liệu tham khảo tr. 136 - 137; Gồm 5 chương: Nguồn gốc lịch sử, đặc điểm và tác dụng của môn bóng đá; kỹ thuật bóng đá; chiến thuật bóng đá; phương pháp giảng dạy; công tác tổ chức thi đấu, luật và phương pháp trọng tài....
সংরক্ষণ করুন:
| প্রধান লেখক: | |
|---|---|
| অন্যান্য লেখক: | |
| বিন্যাস: | গ্রন্থ |
| ভাষা: | Undetermined |
| প্রকাশিত: |
Tp. Hồ Chí Minh
Đại học Quốc gia Thành phố Hồ Chí Minh
2015
|
| বিষয়গুলি: | |
| অনলাইন ব্যবহার করুন: | http://lrc.tdmu.edu.vn/opac/search/detail.asp?aID=2&ID=26839 |
| ট্যাগগুলো: |
ট্যাগ যুক্ত করুন
কোনো ট্যাগ নেই, প্রথমজন হিসাবে ট্যাগ করুন!
|
| Thư viện lưu trữ: | Trung tâm Học liệu Trường Đại học Thủ Dầu Một |
|---|
| LEADER | 01174nam a2200217Ia 4500 | ||
|---|---|---|---|
| 001 | TDMU_26839 | ||
| 008 | 210410s9999 xx 000 0 und d | ||
| 082 | |a 398.209597 | ||
| 090 | |b NG527 | ||
| 100 | |a Trịnh, Hữu Lộc | ||
| 245 | 0 | |a Giáo trình bóng đá | |
| 245 | 0 | |c Trịnh Hữu Lộc, Ngô Hữu Phúc, Lâm Văn Vũ...[và nh.ng.khác] | |
| 260 | |a Tp. Hồ Chí Minh | ||
| 260 | |b Đại học Quốc gia Thành phố Hồ Chí Minh | ||
| 260 | |c 2015 | ||
| 300 | |a 138 tr. | ||
| 520 | |a TM tài liệu tham khảo tr. 136 - 137; Gồm 5 chương: Nguồn gốc lịch sử, đặc điểm và tác dụng của môn bóng đá; kỹ thuật bóng đá; chiến thuật bóng đá; phương pháp giảng dạy; công tác tổ chức thi đấu, luật và phương pháp trọng tài. | ||
| 650 | |a Giáo dục thể chất |x Bóng đá |v Giáo trình; Bóng đá |v Giáo trình | ||
| 700 | |a Ngô, Hữu Phúc | ||
| 856 | |u http://lrc.tdmu.edu.vn/opac/search/detail.asp?aID=2&ID=26839 | ||
| 980 | |a Trung tâm Học liệu Trường Đại học Thủ Dầu Một | ||